The Most Valueable Goalkeeper In The World - Statistics

General Stats
  • This quiz has been taken 32 times
  • The average score is 15 of 25
Answer Stats
Nationality Club Answer % Correct
Spain Arsenal David Raya
86%
Italy PSG Gianluigi Donnarumma
86%
Switzerland Dortmund Gregor Kobel
83%
Belgium Real Madrid Thibaut Courtois
83%
Cameroon Manchester United Andre Onana
79%
Argentina Aston Villa Emiliano Martinez
79%
Slovenia Atletico Madrid Jan Oblak
79%
Germany Barcelona Marc Andre Ter Stegen
79%
France Ac Milan Mike Maignan
79%
Ukraine Real Madrid Andriy Lunin
76%
Brazil Liverpool Alisson Becker
69%
Italy Tottenham Guglielmo Vicario
69%
Portugal Fc Porto Diogo Costa
66%
England Everton Jordan Pickford
66%
Valencia Georgia Giorgi Mamardashvili
59%
Spain Athletic Bilbao Unai Simon
59%
Netherlands Brighton Bart Verbruggen
52%
England Southampton Aaron Ramsdale
48%
Brazil Manchester City Ederson Moraes
38%
Spain Real Sociedad Alex Remiro
34%
Ukraine Benfica Anatoliy Trubin
28%
Denmark Chelsea Filip Jorgensen
28%
France Lille Lucas Chevalier
28%
Poland Nice Marcin Bulka
28%
Serbia Strasbourg Djordje Petrovic
21%
No matching quizzes found
Score Distribution
Percent of People with Each Score
Percentile by Number Answered
Your Score History
You have not taken this quiz